Бойка (Запис номер 149724)
[ съкратено ]
| 000 -Лидер | |
|---|---|
| Контролно поле с фиксирана дължина | 01650nam a2200505 c 4500 |
| 003 - Код на организацията, давaща контролен номер | |
| Контролно поле | BLK |
| 005 - Дата и час на последна редакция | |
| Контролно поле | 20240220152455.0 |
| 008 - Елементи от данни с фиксирана дължина | |
| fixed length control field | 180410b bul|||||r ||||||| ||bul|| |
| 010 ## - Наследен системен номер | |
| LC control number | KNG00156024000 |
| 040 ## - Източник на каталожния запис | |
| Идентификатор на билиотеката - собственик на записа | BLK |
| 041 ## - Код за език | |
| Код за езика на текст/звукозапис или на отделно заглавие | Български |
| Код за езика КДБФ | Български |
| 072 #7 - Код за тематичната категория | |
| Код организация | bullib |
| Код за тематична категория | К |
| Текст | Краезнание |
| 080 ## - УДК | |
| Текстов определител УДК | Краезнание |
| УДК код - определител по УДК | 908 |
| УДК определител | (497.21-22) |
| УДК - код + определител | 908(497.21-22) |
| 100 ## - Редна дума - Автор | |
| Автор | Кенарев, Васил |
| R(LIN) | 330638 |
| 139 ## - Редно поле | |
| Редна дума | Кенарев, Васил и др. |
| Авторски знак | Кел - К 50 |
| 245 10 - Сведения за заглавието | |
| Заглавие | Бойка |
| Подзаглавни данни | Ист. очерк |
| Редно поле (дума) | Васил Кенарев, Стоянка Григорова. |
| 257 ## - Страна на издаване | |
| Страна на създаване/издаване | България |
| 260 ## - Област на издателските данни | |
| Място на издаване, разпространение и проч. | София |
| Име на издателя, разпространителя и проч. | ОФ |
| Година на издаване | 1970 |
| 300 ## - Физическа характеристика | |
| Страници | 100 с. |
| Илюстрации и др. | с ил. |
| Размери/Мащаб | 19 см |
| 380 ## - Жанр | |
| Жанр | История |
| 500 ## - Общи забележки | |
| Забележка | 3 000 тир. |
| 650 #4 - Допълнително описание по предмет – тема | |
| Основно описание – тема или топоним | Села - България - история |
| 9 (RLIN) | 243048 |
| 651 #4 - Допълнително описание по предмет - топоним | |
| Географско понятие | България |
| 9 (RLIN) | 241624 |
| 651 #4 - Допълнително описание по предмет - топоним | |
| Географско понятие | Бойка |
| 9 (RLIN) | 178633 |
| 651 #4 - Допълнително описание по предмет - топоним | |
| Географско понятие | Лом Черковна |
| 9 (RLIN) | 179152 |
| 651 #4 - Допълнително описание по предмет - топоним | |
| Географско понятие | Русенско |
| 9 (RLIN) | 179464 |
| 653 ## - Ключова дума – ненормативна | |
| Ключова дума | села |
| 653 ## - Ключова дума – ненормативна | |
| Ключова дума | история |
| 653 ## - Ключова дума – ненормативна | |
| Ключова дума | партизани |
| 653 ## - Ключова дума – ненормативна | |
| Ключова дума | Бойка |
| 653 ## - Ключова дума – ненормативна | |
| Ключова дума | Лом Черковна |
| 653 ## - Ключова дума – ненормативна | |
| Ключова дума | българска история |
| 659 ## - Тематичен бюлетин | |
| Тематичен бюлетин | К |
| 700 1# - Други автори (авторска отговорност) | |
| Лично име | Григорова, Стоянка |
| Автороска отговорност (Описва отношението между автора и произведението) | съавт. |
| 9 (RLIN) | 380465 |
| 852 ## - Местоположение | |
| Форматна сигнатура | Цб 54539 |
| Фондова буква | Хранилище |
| 852 ## - Местоположение | |
| Форматна сигнатура | К 908(497.2)/К 50 В |
| 856 4# - Електронен адрес и достъп | |
| Електронен формат | pdf - файл |
| 856 4# - Електронен адрес и достъп | |
| Електронен формат | pdf - файл |
| 999 ## - СИСТЕМНИ КОНТРОЛНИ НОМЕРА | |
| Koha biblionumber | 149724 |
| Koha biblioitemnumber | 149724 |
| 942 ## - АРТИКУЛИ | |
| Вид на библиотечния материал | Книги |
| Скрит в OPAC | Не |
| Koha issues (borrowed), all copies | 1 |
| Периодичен библиозапис | Да |
| 944 ## - СЪЗДАВАНЕ И РЕДАКЦИЯ на ЗАПИСА | |
| Създаване/Редакция | Създаване |
| Дата на регистрацията/редакция | 24.01.2014 |
| Статус, дата на статуса | Геновева Генчева |
| Служител, извършил регистрацията/редакцията | 30560 |
| 944 ## - СЪЗДАВАНЕ И РЕДАКЦИЯ на ЗАПИСА | |
| Създаване/Редакция | Редакция |
| Дата на регистрацията/редакция | 04.08.2015 |
| Статус, дата на статуса | 24.01.2014 - от С1,Р / 24.01.2014 |
| Служител, извършил регистрацията/редакцията | Валя_Йорданова |
| 944 ## - СЪЗДАВАНЕ И РЕДАКЦИЯ на ЗАПИСА | |
| Създаване/Редакция | Редакция |
| Дата на регистрацията/редакция | 2022-07-05 |
| Служител, извършил регистрацията/редакцията | ВП |
| 999 ## - СИСТЕМНИ КОНТРОЛНИ НОМЕРА | |
| Koha biblioitemnumber | 149724 |
| 999 ## - СИСТЕМНИ КОНТРОЛНИ НОМЕРА | |
| Koha biblioitemnumber | 149724 |
| Код за отписване | Код за изгубен артикул | Източник на класификационната схема | Код за повреда | Коз за рестрикции | Код за отдаване | Артикулен № | Име на библиотеката - собственик | Име на библиотеката, в която се намира в момента | Статус (Текущо местоположение) | Дата на вписване в системата | Местоположение - отдел | Цена в лева | Инвентарен номер | Систематично азбучна сигнатура | Баркод | Номер на екземпляра | Цена в евро | Служебна бележка | Служебен тип на артикула |
|---|---|---|---|---|---|---|---|---|---|---|---|---|---|---|---|---|---|---|---|
| Не е изгубен | Universal Decimal Classification | Не е повреден | без рестрикции | ползва се в читалня | 250105 | Регионална библиотека "Любен Каравелов" Русе | Регионална библиотека "Любен Каравелов" Русе | Хранилище | 1970-01-01 | Хранилище | 0.30 | 77811 | Цб 54539 | 120000077811 | 1 | 0.15 | Дост: Dp Вид: Д N: Сф Дата: 01.01.1970 | Книги | |
| Изтеглен | Не е изгубен | Universal Decimal Classification | Не е повреден | без рестрикции | ползва се в читалня | 250106 | Регионална библиотека "Любен Каравелов" Русе | Регионална библиотека "Любен Каравелов" Русе | Заемна - подръчен фонд | 1970-01-01 | Заемна - подръчен фонд | 0.30 | 86703 | 908(497.2)/К 50 | 86703 | 2 | 0.15 | N: Сф Дата: 01.01.1970 Дата инв: 16.11.2017 Бележки инв: К2017 | Книги |
| Не е изгубен | Universal Decimal Classification | Не е повреден | без рестрикции | ползва се в читалня | 250107 | Регионална библиотека "Любен Каравелов" Русе | Регионална библиотека "Любен Каравелов" Русе | Краезнание | 1970-01-01 | Краезнание | 0.30 | 86704 | К 908(497.2)/К 50 В | 120000086704 | 3 | 0.15 | N: Сф Дата: 01.01.1970 Дата инв: 16.11.2017 Бележки инв: К2017 | Книги | |
| Изтеглен | Не е изгубен | Universal Decimal Classification | Не е повреден | без рестрикции | ползва се в читалня | 250108 | Регионална библиотека "Любен Каравелов" Русе | Регионална библиотека "Любен Каравелов" Русе | Заемна - подръчен фонд | 1970-01-01 | Заемна - подръчен фонд | 0.30 | 86709 | 908(497.2)/К 50 | 86709 | 4 | 0.15 | N: Сф Дата: 01.01.1970 Дата инв: 16.11.2017 Бележки инв: К2017 | Книги |
| Не е изгубен | Universal Decimal Classification | Не е повреден | без рестрикции | ползва се в читалня | 250109 | Регионална библиотека "Любен Каравелов" Русе | Регионална библиотека "Любен Каравелов" Русе | Краезнание | 1970-01-01 | Краезнание | 0.30 | 86710 | К 908(497.2)/К 50 В | 120000086710 | 5 | 0.15 | N: Сф Дата: 01.01.1970 Дата инв: 06.11.2017 Бележки инв: К2017 | Книги | |
| Изтеглен | Не е изгубен | Universal Decimal Classification | Не е повреден | без рестрикции | ползва се в читалня | 250110 | Регионална библиотека "Любен Каравелов" Русе | Регионална библиотека "Любен Каравелов" Русе | Заемна - подръчен фонд | 1970-01-01 | Заемна - подръчен фонд | 0.30 | 86711 | 908(497.2)/К 50 | 86711 | 6 | 0.15 | N: Сф Дата: 01.01.1970 Дата инв: 16.11.2017 Бележки инв: К2017 | Книги |
| Изтеглен | Не е изгубен | Universal Decimal Classification | Не е повреден | без рестрикции | заемане за дома | 250111 | Регионална библиотека "Любен Каравелов" Русе | Регионална библиотека "Любен Каравелов" Русе | Детски отдел | 1970-01-01 | Детски отдел | 0.30 | 86705 | ДН 908/К 50 | 86705 | 7 | 0.15 | N: Сф Дата: 01.01.1970 Дата инв: 06.11.2015 Бележки инв: Д2015 | Книги |
| Изтеглен | Не е изгубен | Universal Decimal Classification | Не е повреден | без рестрикции | заемане за дома | 250112 | Регионална библиотека "Любен Каравелов" Русе | Регионална библиотека "Любен Каравелов" Русе | Детски отдел | 1970-01-01 | Детски отдел | 0.30 | 86706 | ДН 908/К 50 | 86706 | 8 | 0.15 | N: Сф Дата: 01.01.1970 Дата инв: 06.11.2015 Бележки инв: Д2015 | Книги |